LEADER 01157nam a2200241 u 4500 001 000000082944 003 CaOOAMICUS 005 20070226123922.0 008 050422q1944 sz u000 u fre u 035 $a11041891 040 $aPUL(R)$bita 100 1 $aSchorer, Jean.$0(OLS)http://pul/name/54974 245 13$aLe Christianisme universel :$bune religion pour hommes et gens réfléchis /$cJean Schorer. 260 $aGenève :$bW. Kries,$c[1944] 300 $axv, 350 p. ;$c19 cm 500 $aSul front : Huit conférences de Jean Schorer pasteur à la Cathédrale de Genève données pendant l'hiver 1943-1944 à la Salle du Conservatoire. 650 4$aCristianesimo e società.$0(OLS)http://pul/subject/1182 650 4$aUmanesimo contemporaneo.$0(OLS)http://pul/subject/23170 850 $aPUL 852 $aPUL$W1$xDP1 Fondo Cecchetti$y53$m261 B 18$j105595$nBK-PRI$b $qFondi$B105595$CPULBib$Z2$F105595 $HPUL8760 $81 941 1 $a1 996 $6245$aLe Christianisme universel :$bune religion pour hommes et gens réfléchis$9(OLS)http://pul/title/108256 996 $6260$aGenève :$bW. Kries$9(OLS)http://pul/publisher/76436 LEADER 01301nam a2200301 u 4500 001 000000048447 003 CaOOAMICUS 005 20070226115011.0 008 000505s2000 it u000 u ita u 020 $a8831101269 035 $a10846856 040 $aPUL$bita 100 1 $aAdinolfi, Isabella.$0(OLS)http://pul/name/35170 245 13$aIl cerchio spezzato :$blinee di antropologia in Pascal e Kierkegaard /$cIsabella Adinolfi. 260 $aRoma :$bCittà Nuova,$c2000. 300 $a256 p. ;$c21 cm 490 1 $aIdee.$aFilosofia ;$v126 500 $aComprende riferimenti bibliografici e indice. 600 14$aPascal, Blaise,$d1623-1662.$0(OLS)http://pul/subject/8514 600 14$aKierkegaard, Søren,$d1813-1855.$0(OLS)http://pul/subject/4836 830 0$aIdee.$pFilosofia ;$v126.$0(OLS)http://pul/title/10408 850 $aPUL 852 $aPUL$W1$xSL Filosofia 2$y80$mPhil A15 126$j64557$nBK-PRI$b $qStampati altre collocazioni$B64557$CPULBib$Z2$F64557 $H $81 941 1 $a10 961 $aINV: 81563 996 $6020$a8831101269$9(OLS)http://pul/number/60910 996 $6245$aIl cerchio spezzato :$blinee di antropologia in Pascal e Kierkegaard$9(OLS)http://pul/title/65243 996 $6260$aRoma :$bCittà Nuova$9(OLS)http://pul/publisher/47927